| 000 | 00738nam a2200181Ia 4500 | ||
|---|---|---|---|
| 008 | 100921s9999 xx 000 0 und d | ||
| 082 |
_b43845 _a920.71 न 10 |
||
| 100 | _aइंगळे व.न. | ||
| 245 | _aनोबेल भूषण-अमर्त्य सेन. | ||
| 260 |
_bसाकेत प्रकाशन,औरंगाबाद. _c2010 |
||
| 300 |
_a190 _bजयेश एजन्सी,पुणे. |
||
| 365 | _b150 | ||
| 520 | _aचरित्र्ेा-पुरूष. | ||
| 630 | _aनोबेल भूषण-अमर्त्य सेन. | ||
| 650 | _aचरित्र्ेा-पुरूष. | ||
| 730 | _aनोबेल भूषण-अमर्त्य सेन. | ||
| 942 | _cBOOK | ||
| 999 |
_c792958 _d792955 |
||